The shadow sister : Star's story / Lucinda Riley.
Available copies
- 2 of 2 copies available at LARL/NWRL Consortium.
- 1 of 1 copy available at Lake Agassiz Regional Library. (Show preferred library)
Current holds
0 current holds with 2 total copies.
Show Only Available Copies
| Location | Call Number / Copy Notes | Barcode | Shelving Location | Status | Due Date |
|---|---|---|---|---|---|
| Bagley Public Library | RIL (Text) | 33500013757554 | Main | Available | - |
| Thief River Falls Public Library | RIL (Text) | 35500005863087 | Main | Available | - |
Record details
- ISBN: 9781476759944
- ISBN: 1476759944
- ISBN: 9781476789156
- ISBN: 1476789150
- Physical Description: 498 pages : illustrations ; 24 cm.
- Edition: First Atria books hardcover edition.
- Publisher: New York : Atria Books, 2017.
- Copyright: ©2016
Content descriptions
| Summary, etc.: | Star D'Aplièse is at a crossroads in her life ... Read More |
Search for related items by subject
| Subject: | Fathers > Death > Fiction. Adopted children > Fiction. Sisters > Fiction. |
| Genre: | Historical fiction. Love stories. Historical fiction. Romance fiction. |
Search for related items by series
| LDR | 03048cam a22004938i 4500 | ||
|---|---|---|---|
| 001 | 216805 | ||
| 003 | LARL_NWRL_CONSORTIUM | ||
| 005 | 20230126154057.0 | ||
| 008 | 160620t20172016nyua 000 1 eng | ||
| 010 | . | ‡a 2016023125 | |
| 040 | . | ‡aDLC ‡beng ‡erda ‡cDLC ‡dYDXCP ‡dBTCTA ‡dOCLCQ ‡dIEB ‡dCHY ‡dORX ‡dTXN ‡dABG | |
| 020 | . | ‡a9781476759944 ‡q(hardcover ; ‡qacid-free paper) | |
| 020 | . | ‡a1476759944 ‡q(hardcover ; ‡qacid-free paper) | |
| 020 | . | ‡a9781476789156 ‡q(softcover ; ‡qacid-free paper) | |
| 020 | . | ‡a1476789150 ‡q(softcover ; ‡qacid-free paper) | |
| 020 | . | ‡z9781476759951 ‡q(eBook) | |
| 035 | . | ‡a(OCoLC)952139158 | |
| 042 | . | ‡apcc | |
| 082 | 0 | 0. | ‡a823/.914 ‡223 |
| 100 | 1 | . | ‡aRiley, Lucinda, ‡eauthor. ‡0(LARL_NWRL_CONSORTIUM)221014 |
| 245 | 1 | 4. | ‡aThe shadow sister : ‡bStar's story / ‡cLucinda Riley. |
| 246 | 3 | . | ‡aStar's story |
| 250 | . | ‡aFirst Atria books hardcover edition. | |
| 264 | 1. | ‡aNew York : ‡bAtria Books, ‡c2017. | |
| 264 | 4. | ‡c©2016 | |
| 300 | . | ‡a498 pages : ‡billustrations ; ‡c24 cm. | |
| 336 | . | ‡atext ‡btxt ‡2rdacontent | |
| 337 | . | ‡aunmediated ‡bn ‡2rdamedia | |
| 338 | . | ‡avolume ‡bnc ‡2rdacarrier | |
| 490 | 0 | . | ‡aSeven sisters ; ‡v3 |
| 520 | . | ‡aStar D'Aplièse is at a crossroads in her life after the sudden death of her beloved father--the elusive billionaire, affectionately called Pa Salt by his six daughters, all adopted from across the four corners of the world. He has left each of them a clue to her true heritage, and Star nervously decides to follow hers, which leads her to an antiquarian bookshop in London, and the start of a whole new world. A hundred years earlier, headstrong and independent Flora MacNichol vows she will never marry. She is happy and secure in her home in England's picturesque Lake District--just a stone's throw away from the residence of her childhood idol, Beatrix Potter--when machinations lead her to London, and the home of one of Edwardian society's most notorious society hostesses, Alice Keppel. Flora is torn between passionate love and her duty to her family, but finds herself a pawn in a larger game. That is, until a meeting with a mysterious gentleman unveils the answers that Flora has been searching for her whole life ... As Star learns more of Flora's incredible journey, she too goes on a voyage of discovery, finally stepping out of the shadow of her sister and opening herself up to the possibility of love. | |
| 650 | 0. | ‡aFathers ‡xDeath ‡vFiction. ‡0(LARL_NWRL_CONSORTIUM)165002 | |
| 650 | 0. | ‡aAdopted children ‡vFiction. ‡0(LARL_NWRL_CONSORTIUM)163278 | |
| 650 | 0. | ‡aSisters ‡vFiction. ‡0(LARL_NWRL_CONSORTIUM)167281 | |
| 655 | 7. | ‡aHistorical fiction. ‡2gsafd | |
| 655 | 7. | ‡aLove stories. ‡2gsafd | |
| 655 | 7. | ‡aHistorical fiction. ‡2lcgft | |
| 655 | 7. | ‡aRomance fiction. ‡2lcgft | |
| 776 | 0 | 8. | ‡iOnline version: ‡aRiley, Lucinda, author. ‡tShadow sister. ‡bFirst Atria Books hardcover edition. ‡dNew York : Atria Books, 2017 ‡z9781476759951 ‡w(DLC) 2016028840 |
| 901 | . | ‡a216805 ‡bOCoLC ‡c216805 ‡tbiblio ‡soclc | |

Add to basket
Permalink
Disable Highlighting